000 00505nam a22001577a 4500
003 OSt
005 20151203153801.0
008 151203b xxu||||| |||| 00| 0 eng d
040 _cRUA
082 _aFIS LY 2010 B183 Or.1
100 _94232
_aLY, KUNTHY.
245 _aReservior situation in kampongthom province, ស្ថានភាពទំនប់អាងទឹក នៅខេត្តកំពង់ធំ
260 _aPhnom Penh
_bRUA
_c2010
300 _ax; 59p.
_bill.
_c29cm.
942 _2ddc
_cFIS
999 _c3948
_d3948